000 03439cam a22011774i 4500
003 PE-LiUPU
005 20250813185543.0
008 150616s r 000 0 d
035 _a(Sirsi) a4115
040 _aPE-LiUPU
_bspa
_cPE-LiUPU
_erda
049 _aPRUA
082 0 4 _a372.891
_bC77
_221
100 1 _aCoronas Tejada, Luis,
_eautor.
245 1 0 _aDidáctica de la Geografía.
264 1 _aSalamanca :
_bEdiciones Anaya,
_c1972.
300 _a338 páginas :
_bilustraciones láms., fotos, cuadros ;
_c23 cm.
336 _atext
_2rdacontent
337 _aunmediated
_2rdamedia
338 _avolume
_2rdacarrier
505 0 _aHistoria de los descubrimientos geográficos: -Principales etapas en el descubrimiento de la tierra -- Concepto de la geografía. Didáctica de la geografía: -Finalidades educativas de los estudios geográficos -- La enseñanza de la geografía -- La geografía local como base de la geografía nacional -- La observación en geografía -- El libro de la enseñanza en geografía. Cosmografía y su didáctica: -Nociones fundamentales sobre el universo -- La conquista del espacio -- El planeta tierra. Geografía física y su didáctica: -La atmósfera: el clima, factor fundamental del paisaje -- Los paisajes morfológicos -- Las aguas marinas y continentales -- Los paisajes vegetales y sus correspondientes faunas -- Orientaciones didácticas sobre geografía física -- y otros.
526 _aP202
526 _aP201
526 _aP163
526 _aP162
526 _aP161
526 _aP160
526 _aP148
526 _aP147
526 _aP146
526 _aP145
526 _aP144
526 _aP143
526 _aP142
526 _aP141
526 _aP140
526 _aP139
526 _aP138
526 _aP137
526 _aP136
526 _aP135
526 _aP134
526 _aP133
526 _aP129
526 _aP128
526 _aP127
526 _aP120
526 _aP119
526 _aP118
526 _aP116
526 _aP115
526 _aP114
526 _aP110
526 _aP109
526 _aP108
526 _aP104
526 _aP103
526 _aP102
526 _aP99
526 _aP98
526 _aP97
526 _aP96
526 _aP95
526 _aP93
526 _aP90
526 _aP89
526 _aP88
526 _aP83
526 _aP82
526 _aP62
526 _aP59
526 _aP58
526 _aP57
526 _aP51
526 _aP49
526 _aP48
526 _aP47
526 _aP29
526 _aP24
526 _aP20
526 _aP19
526 _aP17
526 _aP15
526 _aP14
526 _aP12
526 _aP10
526 _aP09
526 _aP08
526 _aP07
526 _aP06
526 _aP05
526 _aP04
526 _aP01
650 0 4 _aGEOGRAFIA - ESTUDIO Y ENSEÑANZA.
910 _ajck
_bjvq
_cjck
942 _2ddc
_cBOOK
949 _a372.891 C77
_wDEWEY
_c1
_i25453
_lCCODEBUL1
_mBUL
_p00.00
_r0
_sY
_tBOOK
_u2015-04-23
_xEDUCACION
_PP20
_0COMPRA
_o.STAFF. Colección General
994 _aC0
_bPEPRU
596 _a1
999 _a372.891 C77
_wDEWEY
_c48311
_i25453
_f2021-11-8
_g6
_lCCODEBUL1
_mBUL
_r0
_sN
_tBOOK
_u2015-4-23
_xEDUCACION
_PP20
_0COMPRA
_o.STAFF. Colección General
_d48311
980 _81
_gALBERTO SANCHEZ Responsable de Automatización